| 000 | 00939nam a2200241 a 4500 | ||
|---|---|---|---|
| 001 | BRCA_7768 | ||
| 005 | 20190320210002.0 | ||
| 008 | 240913s2013----mx-a######---#000-0#spa-# | ||
| 041 | _aspa | ||
| 044 | _amx | ||
| 050 | 4 |
_aN8080.J8 _b.O33 2013 |
|
| 100 | 1 |
_aOgaz Sánchez, Elsa Laura _919229 |
|
| 245 | 1 | 0 |
_aPrograma Nacional de Catálogo e Inventario de Bienes Muebles e Inmuebles de Propiedad Federal _bEstudio Monográfico, Inmueble No 104 Templo de San Juan de Dios _crealizado por Elsa Laura Ogaz Sánchez. |
| 260 |
_aMéxico _bCONACULTA, Dirección General de Sitios y Monumentos del Patrimonio Cultural _c2013 |
||
| 300 |
_a58 p. _bil. (algunas a color) _c28 cm. |
||
| 500 | _aEjemplar engargolado | ||
| 500 | _aPor política no se presta a domicilio | ||
| 504 | _aBibliografía: p. 56-58 | ||
| 600 | 1 | 4 |
_aJuan de Dios _cSanto _d1495-1550 _919230 |
| 650 | 1 | 4 |
_aTemplo de San Juan de Dios _919231 |
| 902 | _aeng | ||
| 942 |
_2lcc _cB |
||
| 999 |
_c7442 _d7442 |
||